มุมมองปกติ
มุมมองแบบ MARC
- ปิยพงศ์
รายการ Personal Name
001 - CONTROL NUMBER
- control field: 12178
003 - CONTROL NUMBER IDENTIFIER
- control field: NALT
005 - DATE AND TIME OF LATEST TRANSACTION
- control field: 20170809123054.0
008 - FIXED-LENGTH DATA ELEMENTS
- fixed length control field: 170809|| aca||aabn | a|a d
040 ## - CATALOGING SOURCE
- Original cataloging agency: NALT
- Transcribing agency: NALT
100 ## - HEADING--PERSONAL NAME
- Personal name: ปิยพงศ์
670 ## - SOURCE DATA FOUND
- Source citation: Work cat.: (NALT)9341: ปิยพงศ์, เรื่อง หมา...หมา, 2536
